Mapping Awareness (Record no. 118997)

MARC details
000 -LEADER
fixed length control field 00605cas a22002055a 4500
001 - CONTROL NUMBER
control field L138572
008 - FIXED-LENGTH DATA ELEMENTS--GENERAL INFORMATION
fixed length control field 070621c19872000xxkmr p 0 a0eng u
022 1# - INTERNATIONAL STANDARD SERIAL NUMBER
International Standard Serial Number 1361-7583
035 ## - SYSTEM CONTROL NUMBER
System control number (Sirsi) u138572
041 0# - LANGUAGE CODE
Language code of text/sound track or separate title eng
245 00 - TITLE STATEMENT
Title Mapping Awareness
260 ## - PUBLICATION, DISTRIBUTION, ETC.
Place of publication, distribution, etc. Godmanchester
Name of publisher, distributor, etc. GeoTech Media Group
Date of publication, distribution, etc. 1987-2000
362 0# - DATES OF PUBLICATION AND/OR SEQUENTIAL DESIGNATION
Dates of publication and/or sequential designation 9(1) February 1995-13(11) December 1999/January 2000
554 ## -
-- 12 per year
651 #4 - SUBJECT ADDED ENTRY--GEOGRAPHIC NAME
Geographic name United Kingdom
Chronological subdivision
651 #4 - SUBJECT ADDED ENTRY--GEOGRAPHIC NAME
Geographic name Ireland (Republic of)
Chronological subdivision
690 ## - LOCAL SUBJECT ADDED ENTRY--TOPICAL TERM (OCLC, RLIN)
Topical term or geographic name as entry element ENVIRONMENTAL AND LAND CONSULTANCY-GEOMATICS-LAND SURVEYING
785 00 - SUCCEEDING ENTRY
Title GEOEurope
International Standard Serial Number 0926-3403
942 ## - ADDED ENTRY ELEMENTS (KOHA)
Suppress in OPAC 0
Holdings
Withdrawn status Lost status Source of classification or shelving scheme Damaged status Not for loan Home library Current library Shelving location Date acquired Total Checkouts Full call number Barcode Date last seen Price effective from Koha item type
    Dewey Decimal Classification     London London Gallery 21/06/2007   GEO:CONNEXION 138572-1001 06/08/2019 06/08/2019 Journal